Discographie Winnterzuko - Statistiques

Statistiques générales
  • Ce quiz a été pris 28 fois
    19 depuis la dernière actualisation
  • Le résultat moyen est 41 sur 86
Statistiques - réponses
Projets Réponse % Correct
WINNTERMANIA GEARLESS
76%
WINNTERMANIA JE SUIS MUSIK
71%
WINNTERMANIA LA RUCHE
71%
deepstar Monono
71%
Salieri Nécrose
71%
feat. HOUDI NUAGES
71%
Salieri Requiem For Me
71%
WINNTERMANIA SYNCHRONICITY
71%
2036 Trotski
71%
Salieri WANNACRY2
71%
WINNTERMANIA DIRTY
65%
deepstar #FreeBritney
65%
feat. Adèle Castillon Frissons
65%
Salieri Homelander
65%
VON Kimura
65%
Salieri Langmore
65%
Salieri Les Stations
65%
WINNTERMANIA NAKAMA
65%
Salieri North2
65%
feat. Roseboy666 100 pompes
59%
VON 115
59%
WINNTERMANIA BRUCE LEE
59%
2036+4 Deep Girl
59%
2036+4 Dolores
59%
Salieri Génération FOMO
59%
feat. Neil Heart
59%
Salieri Humain
59%
feat. Le règlement Kino
59%
deepstar Nascar
59%
Salieri Olala
59%
Gearless Mania Serpentard
59%
WINNTERMANIA SUZUKI
59%
WINNTERMANIA 8H36
53%
VON Deadstar
53%
WINNTERMANIA DEVIL JIN
53%
2036+4 Happy Meal
53%
2036 lol
53%
Salieri Monstre
53%
Dystopia Mr Rabbit
53%
deepstar Numero Deep
53%
feat. GhostKiller Track Oxygène
53%
WINNTERMANIA PAPA T OU
53%
feat. 1863,19akira,eat_for_rats parasite
53%
2036 Rollo
53%
Single Salieri
53%
Salieri Singe Savant
53%
Salieri Stress
53%
WINNTERMANIA VAN GOGH
53%
Salieri Brook Was Here
47%
VON Enfer et Paradis
47%
2036+4 Godless
47%
VON Help!
47%
2036 New Wave
47%
feat. Realo, Tony Seng,abel31,143 REVERBERE
47%
2036 TimeTravel
47%
feat. abel31 2031
41%
2036 BoogiePop
41%
deepstar FM Vita
41%
VON grv triste :(
41%
VON IBM 5100
41%
Single Off
41%
feat. Empty7 Pas de chance
41%
deepstar PGM
41%
Single Jeep
35%
feat. Sadek La balade du repenti
35%
feat.Bricksky & 3g Movie
35%
Gearless Mania Brakmar
29%
feat. Realo, Beamer, abel31 BRAZY
29%
Single Envy
29%
Gearless Mania Greco
29%
feat. Realo, koboi LE MONDE
29%
Dystopia MI5
29%
Gearless Mania Network
29%
feat. Nyuluu Toxine
29%
feat. wasting shit ELEVATOR
24%
Dystopia Raisin boy
24%
Dystopia R.I.P. Christos
24%
Single Trapless
24%
Dystopia Utopia pt.1
24%
feat. MnRakaKenny Devil Bats
18%
feat. Beamer Mustang
18%
feat.BLVCK MAMBA,Beamer Crossover
12%
feat. Beamer, Odbussy Get It
12%
Single Jessica Hyde
12%
feat. S1, Mello,Stepz,HollowS, MnR Causa
6%
feat.Wassup Rio Hellsing
6%
Aucun quiz correspondant
Distribution des résultats
% des personnes avec chaque résultat
Percentile par nombre de réponses
Votre historique - résultats
Vous n’avez pas pris ce quiz depuis la dernière actualisation